000
00250 a2200109 4500
001
90187
082
_a
297.09 RAU
090
_c
42527
_d
42527
100
_a
Rauf Abdul
245
_a
Illustrated history of Islam
260
_a
Lahore
_b
Ferozsons
_c
1994
942
_a
NUST-CAE
_k
297.09 RAU
999
_c
325260
_d
325260